[Event "World Rapid 2017"]
[Site "Riyadh KSA"]
[Date "2017.12.26"]
[Round "5.24"]
[White "Pantsulaia, Levan"]
[Black "Amonatov, Farrukh"]
[Result "1/2-1/2"]
[WhiteTitle "GM"]
[BlackTitle "GM"]
[WhiteElo "2612"]
[BlackElo "2636"]
[WhiteFideId "13602071"]
[BlackFideId "14700077"]
[EventDate "2017.12.26"]

1. Nf3 Nf6 2. g3 g6 3. b3 Bg7 4. Bb2 O-O 5. Bg2 d6 6. d4 c5 7. c4 Bd7 8. Nc3
cxd4 9. Nxd4 Nc6 10. O-O a6 11. e3 Rb8 12. a3 Rc8 13. Nde2 Na5 14. Rb1 b5 15.
cxb5 axb5 16. Nf4 Re8 17. Ba1 Qb6 18. Ncd5 Nxd5 19. Nxd5 Qa7 20. Bxg7 Kxg7 21.
Qd2 Be6 22. Nf4 Bf5 23. Qb2+ Kg8 24. Rbc1 Bd7 25. h4 Bc6 26. Bh3 Bd7 27. Bg2 Bc6
28. e4 Bd7 29. h5 Nc6 30. Nd5 Be6 31. h6 Ne5 32. Rxc8 Rxc8 33. Rc1 Rxc1+ 34.
Qxc1 f6 35. a4 bxa4 36. bxa4 Kf7 37. Qc7 Qxc7 38. Nxc7 Nc4 39. Nxe6 Kxe6 40. f4
Kd7 41. Bh3+ e6 42. Kf2 f5 43. exf5 gxf5 44. Bf1 Na5 45. Ke3 Ke7 46. Kd4 Kf6 47.
Bc4 Nb7 48. Ba2 Nc5 49. a5 Kg6 50. Kc4 Kxh6 51. Bb3 Kg6 52. Bd1 Kf6 53. Kb5 e5
54. a6 Nxa6 55. Kxa6 Ke6 56. Bb3+ Kf6 57. Kb5 h5 58. Kc6 Ke7 59. Bd1 h4 60. gxh4
exf4 1/2-1/2

[Event "World Rapid 2017"]
[Site "Riyadh KSA"]
[Date "2017.12.26"]
[Round "5.25"]
[White "Zhigalko, Sergei"]
[Black "Van Foreest, Jorden"]
[Result "0-1"]
[WhiteTitle "GM"]
[BlackTitle "GM"]
[WhiteElo "2641"]
[BlackElo "2629"]
[WhiteFideId "13502956"]
[BlackFideId "1039784"]
[EventDate "2017.12.26"]

1. e4 e5 2. Nf3 Nc6 3. Bb5 a6 4. Ba4 d6 5. O-O Bd7 6. c3 g6 7. d4 Bg7 8. Bg5 f6
9. Be3 Nh6 10. dxe5 dxe5 11. Nbd2 Nf7 12. Bb3 Qe7 13. Bd5 O-O 14. b4 Kh8 15. Qb3
b6 16. a4 Rab8 17. Qc4 Nd6 18. Qxa6 f5 19. exf5 gxf5 20. Rfe1 Qf6 21. Nf1 Rbe8
22. Rad1 f4 23. Bc1 e4 24. Nd4 Nxd4 25. cxd4 Qg5 26. Bb3 Bg4 27. Qa7 Bf3 28. Ng3
Bxd1 29. Bxd1 e3 30. Ne2 f3 31. Ng3 exf2+ 32. Kxf2 Bxd4+ 0-1

[Event "World Rapid 2017"]
[Site "Riyadh KSA"]
[Date "2017.12.26"]
[Round "5.26"]
[White "Rakhmanov, Aleksandr"]
[Black "Bacrot, Etienne"]
[Result "1/2-1/2"]
[WhiteTitle "GM"]
[BlackTitle "GM"]
[WhiteElo "2653"]
[BlackElo "2725"]
[WhiteFideId "4173708"]
[BlackFideId "605506"]
[EventDate "2017.12.26"]

1. c4 e6 2. e4 d5 3. exd5 exd5 4. d4 Nf6 5. Nc3 Be7 6. Bd3 dxc4 7. Bxc4 O-O 8.
Nge2 Nbd7 9. O-O Nb6 10. Bb3 Bg4 11. f3 Bh5 12. Ng3 c5 13. Nxh5 Nxh5 14. dxc5
Bxc5+ 15. Kh1 Nf6 16. Bg5 h6 17. Qxd8 Rfxd8 18. Bxf6 gxf6 19. Rad1 Bd4 20. Rd3
Be5 21. Rxd8+ Rxd8 22. Rd1 Rxd1+ 23. Nxd1 Bd4 24. g3 a5 25. a3 Nd7 26. f4 Nc5
27. Bc2 Kf8 28. Kg2 a4 29. Kf3 Ke7 30. Nc3 Kf8 31. Ke2 Ke7 32. Kd2 Ke6 33. Bb1
f5 34. Ba2+ Ke7 35. Bd5 Bg7 36. Kc2 Bh8 37. Bc4 Bd4 38. Bb5 Bg1 39. h3 Bh2 40.
Ne2 Ne4 41. g4 Nf2 42. gxf5 Nxh3 43. Bxa4 Bxf4 44. Bb3 Be5 45. Bd5 b6 46. b4 Kf6
47. a4 Nf4 48. Nxf4 Bxf4 49. a5 bxa5 50. bxa5 Ke5 1/2-1/2

[Event "World Rapid 2017"]
[Site "Riyadh KSA"]
[Date "2017.12.26"]
[Round "5.27"]
[White "Almasi, Zoltan"]
[Black "Fedorchuk, Sergey A."]
[Result "0-1"]
[WhiteTitle "GM"]
[BlackTitle "GM"]
[WhiteElo "2682"]
[BlackElo "2648"]
[WhiteFideId "702293"]
[BlackFideId "14102536"]
[EventDate "2017.12.26"]

1. Nf3 Nf6 2. c4 b6 3. d4 e6 4. g3 Bb4+ 5. Bd2 a5 6. Bg2 Bb7 7. O-O O-O 8. Bf4
Be7 9. Nc3 Ne4 10. Qc2 Nxc3 11. Qxc3 Be4 12. Rfd1 f5 13. d5 Bf6 14. Be5 Qe8 15.
Bxf6 Rxf6 16. Bf1 Na6 17. Ne1 f4 18. Nf3 Bxf3 19. exf3 e5 20. d6 cxd6 21. Qb3
Nc5 22. Qxb6 Ra6 23. Qb5 Qa8 24. Rd5 Rf8 25. Rxc5 dxc5 26. Be2 d6 27. Qb3 a4 28.
Qc2 Rb6 29. Bd3 Qxf3 30. Bxh7+ Kh8 31. Rb1 fxg3 32. hxg3 d5 33. Bg6 Rff6 0-1

[Event "World Rapid 2017"]
[Site "Riyadh KSA"]
[Date "2017.12.26"]
[Round "5.28"]
[White "Khismatullin, Denis"]
[Black "Saric, Ivan"]
[Result "1-0"]
[WhiteTitle "GM"]
[BlackTitle "GM"]
[WhiteElo "2632"]
[BlackElo "2669"]
[WhiteFideId "4142578"]
[BlackFideId "14508150"]
[EventDate "2017.12.26"]

1. Nf3 d5 2. e3 Nf6 3. c4 c6 4. Nc3 e6 5. b3 Bd6 6. Bb2 O-O 7. d4 Nbd7 8. Bd3 e5
9. cxd5 cxd5 10. dxe5 Nxe5 11. h3 Qe7 12. O-O Nxf3+ 13. Qxf3 Qe5 14. Rfd1 Be6
15. Rab1 Rac8 16. Nb5 Qh2+ 17. Kf1 Be5 18. Nd4 Bxd4 19. Bxd4 Ne4 20. Bxe4 dxe4
21. Qxe4 Bd7 22. Qe5 Bb5+ 23. Qxb5 Rc2 24. Ke1 Qxg2 25. Qf1 Qf3 26. Rb2 Rfc8 27.
Rxc2 Rxc2 28. Bc3 Kf8 29. Bb4+ 1-0

[Event "World Rapid 2017"]
[Site "Riyadh KSA"]
[Date "2017.12.26"]
[Round "5.30"]
[White "Aronian, Levon"]
[Black "Laznicka, Viktor"]
[Result "1/2-1/2"]
[WhiteTitle "GM"]
[BlackTitle "GM"]
[WhiteElo "2805"]
[BlackElo "2647"]
[WhiteFideId "13300474"]
[BlackFideId "316385"]
[EventDate "2017.12.26"]

1. d4 d5 2. c4 c6 3. Nf3 Nf6 4. Qc2 g6 5. Nc3 Bg7 6. cxd5 cxd5 7. Bf4 O-O 8. e3
Nc6 9. Be2 Ne4 10. O-O Bf5 11. Qb3 Nxc3 12. bxc3 Na5 13. Qb4 b6 14. Nd2 e5 15.
Bg3 Re8 16. Rfe1 Bf8 17. Qb2 exd4 18. cxd4 Bd6 19. Rac1 Bxg3 20. hxg3 Qd6 21.
Ba6 Bc8 22. Bd3 Be6 23. e4 Rac8 24. Ba6 Rxc1 25. Rxc1 Rb8 26. Qc3 Qd8 27. f3 b5
28. Rb1 dxe4 29. Nxe4 b4 30. Rxb4 Rxb4 31. Qxb4 Nc6 32. Qc5 Qxd4+ 33. Qxd4 Nxd4
34. Nc3 Kf8 35. Kf2 Ke7 36. g4 Kd6 37. Bd3 Kc5 38. Ke3 Nc6 39. a3 Ne5 40. Ne4+
Kb6 41. Kd4 Nxd3 42. Kxd3 Kb5 43. Kc3 h6 44. Nf6 Ka4 45. Kb2 Bc4 46. Ng8 h5 47.
gxh5 gxh5 48. g3 Be2 49. f4 Bf3 50. Ne7 Kb5 51. Nf5 Bd5 52. Ne3 Be6 53. Kc3 Ka4
54. Nc2 Bf5 55. Nd4 Bd7 56. Kb2 Bc8 57. Nc6 Bd7 58. Nd4 Bc8 59. f5 f6 60. Ne6
Kb5 61. Ng7 Kc4 62. Nxh5 Bxf5 63. Nxf6 Kd4 64. Kb3 Ke5 65. Ne8 Bd7 66. Nc7 Ke4
67. Kb4 Kf3 68. Nb5 a6 69. Nc7 Kxg3 70. Nxa6 Kf4 71. Nb8 Be8 72. Kc5 Ba4 73. Kd4
Kf5 74. Na6 Bd1 1/2-1/2

[Event "World Rapid 2017"]
[Site "Riyadh KSA"]
[Date "2017.12.26"]
[Round "5.32"]
[White "Mchedlishvili, Mikheil"]
[Black "Inarkiev, Ernesto"]
[Result "1-0"]
[WhiteTitle "GM"]
[BlackTitle "GM"]
[WhiteElo "2603"]
[BlackElo "2689"]
[WhiteFideId "13600966"]
[BlackFideId "4162722"]
[EventDate "2017.12.26"]

1. d4 Nf6 2. c4 e6 3. Nf3 d5 4. Bg5 Bb4+ 5. Nc3 h6 6. Bxf6 Qxf6 7. Qa4+ Nc6 8.
e3 O-O 9. Rc1 Rd8 10. Qb3 dxc4 11. Bxc4 Qe7 12. a3 Bd6 13. Bb5 Bd7 14. O-O a6
15. Be2 Rdc8 16. Ne4 e5 17. Nxd6 cxd6 18. d5 Nd8 19. Qb6 f5 20. Nd2 Be8 21. Bd3
e4 22. Be2 Bf7 23. Nc4 Bxd5 24. Nxd6 Rxc1 25. Rxc1 Ne6 26. Rd1 Bc6 27. Nxf5 Qf6
28. Nd4 Rf8 29. Qb3 Bd7 30. f4 exf3 31. Nxf3 Bc8 32. Rd6 Qe7 33. Qd5 Kh8 34. Qe5
b5 35. Bd3 Qf7 36. h3 Nc7 37. Rxh6+ Kg8 38. Bh7+ 1-0

[Event "World Rapid 2017"]
[Site "Riyadh KSA"]
[Date "2017.12.26"]
[Round "5.33"]
[White "Akobian, Varuzhan"]
[Black "Karjakin, Sergey"]
[Result "0-1"]
[WhiteTitle "GM"]
[BlackTitle "GM"]
[WhiteElo "2647"]
[BlackElo "2760"]
[WhiteFideId "13300580"]
[BlackFideId "14109603"]
[EventDate "2017.12.26"]

1. d4 d5 2. c4 c6 3. cxd5 cxd5 4. Nf3 Nc6 5. Nc3 Nf6 6. Bf4 a6 7. Rc1 Bf5 8. e3
e6 9. Qb3 Ra7 10. Be2 Be7 11. O-O O-O 12. Na4 Nd7 13. a3 Bg4 14. h3 Bxf3 15.
Bxf3 Na5 16. Qa2 Nc4 17. Be2 b5 18. Nc5 Qa5 19. b4 Qb6 20. a4 Nb8 21. a5 Qd8 22.
Rfd1 Nc6 23. Qb3 Bd6 24. Bxd6 Qxd6 25. e4 Qf4 26. g3 Qh6 27. exd5 exd5 28. Kg2
Nxd4 29. Qd3 Re7 30. Bf1 Nc6 31. Rb1 Rd8 32. Rb3 N6e5 33. Qd4 Qd6 34. Qf4 d4 35.
Nd3 Qd5+ 36. Kh2 Nf3+ 37. Kh1 Ncd2 38. Bg2 Qxb3 39. Bxf3 Qxd3 40. Rxd2 Qb1+ 41.
Kg2 Qxb4 42. Rd3 Qxa5 43. Rxd4 Rxd4 44. Qxd4 Qc7 45. h4 h6 46. h5 Re8 47. Qd5 b4
48. Qb3 a5 49. Bd5 Rd8 50. Qf3 a4 0-1

[Event "World Rapid 2017"]
[Site "Riyadh KSA"]
[Date "2017.12.26"]
[Round "5.34"]
[White "Le, Quang Liem"]
[Black "Eljanov, Pavel"]
[Result "1-0"]
[WhiteTitle "GM"]
[BlackTitle "GM"]
[WhiteElo "2737"]
[BlackElo "2711"]
[WhiteFideId "12401137"]
[BlackFideId "14102951"]
[EventDate "2017.12.26"]

1. d4 d5 2. c4 c6 3. Nc3 Nf6 4. e3 a6 5. Nf3 e6 6. c5 Nbd7 7. Qc2 Be7 8. Bd3 O-O
9. O-O Qc7 10. Na4 h6 11. b4 e5 12. Nxe5 Nxe5 13. dxe5 Qxe5 14. Bb2 Qc7 15. Nb6
Ra7 16. f4 Ng4 17. Rf3 Bf6 18. Rg3 Bxb2 19. Qxb2 Kh8 20. Rf1 Nf6 21. Qe5 Ne8 22.
Rxg7 Qxe5 23. Rh7+ Kg8 24. fxe5 Be6 25. Rf3 1-0

[Event "World Rapid 2017"]
[Site "Riyadh KSA"]
[Date "2017.12.26"]
[Round "5.35"]
[White "Kryvoruchko, Yuriy"]
[Black "Andriasian, Zaven"]
[Result "1/2-1/2"]
[WhiteTitle "GM"]
[BlackTitle "GM"]
[WhiteElo "2689"]
[BlackElo "2585"]
[WhiteFideId "14109182"]
[BlackFideId "13302000"]
[EventDate "2017.12.26"]

1. e4 c5 2. Nf3 d6 3. Bb5+ Nc6 4. O-O Bd7 5. Re1 Nf6 6. c3 a6 7. Bf1 Bg4 8. d4
cxd4 9. cxd4 e5 10. d5 Nd4 11. Be3 Nxf3+ 12. gxf3 Bd7 13. a4 Be7 14. Qb3 O-O 15.
Na3 Nh5 16. Nc4 f5 17. Nxe5 dxe5 18. d6+ Kh8 19. dxe7 Qxe7 20. Qxb7 Qe8 21. Bg2
Bxa4 22. exf5 Bc6 23. Qb6 Rxf5 24. Rxa6 Rxa6 25. Qxa6 h6 26. Rc1 Rf6 27. Qe2 Qf7
28. b4 Rg6 29. Kh1 Nf4 30. Bxf4 Qxf4 31. Qe3 Qxb4 32. Qxe5 Qd6 33. Qxd6 Rxd6 34.
f4 Bxg2+ 35. Kxg2 Kh7 36. Re1 Kg6 37. Kg3 Kf6 38. h4 Rd5 39. Ra1 h5 40. Ra6+ Kf5
41. Ra8 g6 42. Rf8+ Ke6 43. Kf3 Rd3+ 44. Ke4 Rh3 45. Ra8 Rxh4 46. Ra6+ Kf7 47.
Ke5 Rg4 48. Ra7+ Kg8 49. f3 Rg3 50. Kf6 h4 51. Ra8+ Kh7 52. Ra7+ 1/2-1/2

[Event "World Rapid 2017"]
[Site "Riyadh KSA"]
[Date "2017.12.26"]
[Round "5.36"]
[White "Sjugirov, Sanan"]
[Black "Kovalev, Vladislav"]
[Result "0-1"]
[WhiteTitle "GM"]
[BlackTitle "GM"]
[WhiteElo "2650"]
[BlackElo "2639"]
[WhiteFideId "4189302"]
[BlackFideId "13504398"]
[EventDate "2017.12.26"]

1. Nf3 Nf6 2. g3 g6 3. b3 Bg7 4. Bb2 O-O 5. Bg2 c5 6. c4 Nc6 7. O-O d6 8. d4
cxd4 9. Nxd4 Bd7 10. Nc3 Qa5 11. e3 Rfc8 12. Qd2 Rab8 13. Rad1 a6 14. a3 b5 15.
b4 Qd8 16. c5 Ne5 17. cxd6 exd6 18. Nd5 Bg4 19. Nxf6+ Qxf6 20. f3 Bd7 21. Ba1
Nc4 22. Qd3 Qe7 23. Rde1 d5 24. f4 Qd6 25. Nb3 Bf5 26. Qd1 Bxa1 27. Qxa1 Be4 28.
Rf2 Bxg2 29. Kxg2 Re8 30. Rfe2 Re7 31. Nc5 Rbe8 32. Qd4 Qc6 33. Kg1 f5 34. h3 h5
35. g4 hxg4 36. hxg4 fxg4 37. Rh2 Rg7 38. e4 Nd6 39. Qf6 dxe4 40. Ne6 Nf5 41.
Nxg7 Qxf6 42. Nxe8 Qd4+ 43. Kh1 Ng3+ 44. Kg2 Qd2+ 45. Kxg3 Qxe1+ 46. Kxg4 Qg1+
47. Kh3 Qf1+ 48. Rg2 e3 49. Nf6+ Kf7 0-1

[Event "World Rapid 2017"]
[Site "Riyadh KSA"]
[Date "2017.12.26"]
[Round "5.37"]
[White "Sethuraman, S.P."]
[Black "Guseinov, Gadir"]
[Result "1/2-1/2"]
[WhiteTitle "GM"]
[BlackTitle "GM"]
[WhiteElo "2646"]
[BlackElo "2646"]
[WhiteFideId "5021596"]
[BlackFideId "13401378"]
[EventDate "2017.12.26"]

1. Nf3 g6 2. e4 c5 3. c3 d5 4. e5 Nc6 5. d4 Bg4 6. Bb5 Qb6 7. Qa4 Bxf3 8. dxc5
Qc7 9. gxf3 e6 10. Be3 Ne7 11. f4 Nf5 12. Nd2 Nxe3 13. fxe3 Bxc5 14. Ke2 a6 15.
Bxc6+ bxc6 16. b4 Be7 17. c4 O-O 18. Rac1 Qb7 19. a3 Rfc8 20. cxd5 cxd5 21. Nf3
a5 22. b5 Bc5 23. Rc3 d4 24. exd4 Qe4+ 25. Re3 Qxf4 26. Rc1 Bf8 27. Rc6 Rd8 28.
Qc2 a4 29. Rc4 Rd5 30. Rxa4 Rb8 31. Rb3 Bh6 32. b6 g5 33. Qd2 Qe4+ 34. Kf2 Kg7
35. Qe2 Qf5 36. Kg2 Qg4+ 37. Kh1 Qf4 38. Qd2 Qe4 39. Qe1 Qf5 40. Nd2 Rdd8 41.
Ne4 Rbc8 42. Rc3 g4 43. Ng3 Qg6 44. Rb4 Bf4 45. b7 Rb8 46. Qe4 Bd2 47. Rc7 Bxb4
48. axb4 Qxe4+ 49. Nxe4 Rxd4 50. Nd6 Rxb4 51. Rxf7+ Kg6 52. Rf6+ Kg7 53. Rf7+
Kg6 54. Rf6+ Kg7 55. Rf7+ Kg6 56. Rf6+ Kg7 57. Rf7+ Kg6 58. Rf6+ Kg7 59. Rf7+ 1/2-1/2

[Event "World Rapid 2017"]
[Site "Riyadh KSA"]
[Date "2017.12.26"]
[Round "5.38"]
[White "Meier, Georg"]
[Black "Zhao, Jun"]
[Result "1/2-1/2"]
[WhiteTitle "GM"]
[BlackTitle "GM"]
[WhiteElo "2650"]
[BlackElo "2604"]
[WhiteFideId "4675789"]
[BlackFideId "8602522"]
[EventDate "2017.12.26"]

1. Nf3 Nf6 2. g3 g6 3. Bg2 Bg7 4. d4 O-O 5. O-O d6 6. b3 a5 7. c4 a4 8. Bb2 axb3
9. axb3 Rxa1 10. Bxa1 Na6 11. Nbd2 c6 12. Bc3 Bf5 13. Nh4 Bd7 14. e4 Qc8 15. e5
Ne8 16. f4 dxe5 17. dxe5 f6 18. Qe2 Nec7 19. f5 Bxf5 20. Nxf5 gxf5 21. exf6 Bxf6
22. Bxf6 Rxf6 23. Qxe7 Qe6 24. Qxe6+ Nxe6 25. Ne4 Rf8 26. Nd6 Nd4 27. Nxb7 Nb4
28. Rd1 Nbc2 29. Rd2 f4 30. Bxc6 Nxc6 31. Rxc2 Nd4 32. Rb2 fxg3 33. hxg3 Rf3 34.
b4 Rxg3+ 35. Kf2 Rf3+ 36. Kg2 Rc3 37. Nd6 Kf8 38. Rd2 Ne6 39. b5 Ke7 40. Kf2 h5
41. b6 Nc5 42. Rd5 Nd7 43. b7 Nb8 44. Nc8+ Ke6 45. Nb6 Rxc4 46. Rd8 Rc2+ 47. Ke3
Na6 48. Ra8 Rc7 49. Rxa6 Rxb7 50. Ke4 Kd6 51. Na4+ Kc7 52. Kd5 Rb1 53. Rc6+ Kd7
54. Nc5+ Ke7 55. Rh6 Rh1 56. Ke5 Kf7 57. Ne6 h4 58. Nf4 Kg7 59. Rh5 Kf7 60. Kf5
Ke8 61. Rh7 Kd8 62. Kg4 Kc8 63. Nh3 Rd1 64. Kxh4 Rd7 65. Rh6 Kc7 66. Nf4 Rd6 67.
Rh8 Rd7 68. Kg5 Kb6 69. Kf5 Rd1 70. Ke5 Kc6 71. Rh2 Re1+ 72. Kd4 Rd1+ 73. Nd3
Kd7 74. Rh6 Ke7 75. Ke4 Kd7 76. Nc5+ Kc7 77. Ne6+ Kd6 78. Nd4+ Ke7 79. Ra6 Kf7
80. Rb6 Ke7 81. Nc6+ Kd7 82. Ne5+ Ke7 83. Ng4 Re1+ 84. Ne3 Kd7 85. Kd4 Ke7 86.
Nf5+ Kf7 87. Kd5 Rd1+ 88. Nd4 Re1 89. Rb2 Rd1 90. Rf2+ Ke7 91. Rf4 Rd2 92. Rf1
Rd3 93. Rh1 Kf7 94. Ke5 Rd2 95. Rg1 Ra2 96. Rf1+ Ke7 97. Nf5+ Kd7 98. Rd1+ Kc7
99. Rc1+ Kd7 100. Rc5 Re2+ 101. Kd5 Rd2+ 102. Nd4 Rd1 103. Rc2 Ke7 104. Rf2 Rd3
105. Rf1 Rd2 106. Ke5 Ra2 107. Nc6+ Kd7 108. Rc1 Re2+ 109. Kd5 Rd2+ 110. Nd4 Ke7
111. Ke5 Kd7 112. Ra1 Kc7 113. Kd5 Rd3 114. Ke4 1/2-1/2

[Event "World Rapid 2017"]
[Site "Riyadh KSA"]
[Date "2017.12.26"]
[Round "5.39"]
[White "Dervishi, Erald"]
[Black "Malakhov, Vladimir"]
[Result "0-1"]
[WhiteTitle "GM"]
[BlackTitle "GM"]
[WhiteElo "2552"]
[BlackElo "2686"]
[WhiteFideId "4700236"]
[BlackFideId "4120787"]
[EventDate "2017.12.26"]

1. e4 g6 2. d4 Bg7 3. Nf3 d6 4. Nc3 Nf6 5. Be2 O-O 6. O-O a6 7. h3 Nc6 8. a4 e6
9. Re1 b6 10. Be3 Bb7 11. Qd2 Ne7 12. Bd3 c5 13. dxc5 bxc5 14. e5 dxe5 15. Nxe5
Rc8 16. Bh6 Nf5 17. Bxg7 Kxg7 18. Rad1 Nd4 19. Ne2 Qc7 20. Ng3 Nc6 21. Nc4 Nb4
22. Bf1 Rcd8 23. Qe2 Rd5 24. c3 Nc6 25. Ne3 Rdd8 26. Ng4 Nd5 27. Qd2 Nf4 28. Qe3
Rxd1 29. Rxd1 f5 30. Nh2 Ne5 31. Qxf4 Nf3+ 32. Qxf3 Bxf3 33. Nxf3 e5 34. Bc4 h6
35. Bxa6 e4 36. Ne1 Rd8 37. Rb1 f4 38. Nf1 g5 39. b4 cxb4 40. cxb4 e3 41. fxe3
fxe3 42. Be2 Rd2 43. Nxd2 exd2 44. Nd3 Qe7 45. Bf1 Qe3+ 46. Kh1 h5 47. b5 g4 48.
b6 gxh3 49. b7 hxg2+ 50. Bxg2 0-1

[Event "World Rapid 2017"]
[Site "Riyadh KSA"]
[Date "2017.12.26"]
[Round "5.40"]
[White "Dzhumagaliev, Yan"]
[Black "Nguyen, Ngoc Truong Son"]
[Result "1/2-1/2"]
[WhiteTitle "FM"]
[BlackTitle "GM"]
[WhiteElo "2400"]
[BlackElo "2630"]
[WhiteFideId "24100110"]
[BlackFideId "12401110"]
[EventDate "2017.12.26"]

1. d4 d5 2. c4 dxc4 3. e3 Nf6 4. Bxc4 e6 5. Nf3 c5 6. O-O a6 7. Qe2 b5 8. Bb3
Bb7 9. a4 c4 10. Bc2 Nbd7 11. e4 Be7 12. Nc3 b4 13. e5 bxc3 14. exf6 Nxf6 15.
bxc3 Qd5 16. Rb1 O-O 17. Bf4 Bc6 18. Rfe1 Rac8 19. Qd2 Qa5 20. Ne5 Nd5 21. Nxc6
Rxc6 22. Be4 Bf6 23. Rec1 Rcc8 24. Bg3 Qxa4 25. Ra1 Qc6 26. Ra5 Qb6 27. Rca1 Qb7
28. Rb1 Qc6 29. Rba1 Qb7 30. Rb1 Qc6 31. Rba1 Qb7 1/2-1/2

[Event "World Rapid 2017"]
[Site "Riyadh KSA"]
[Date "2017.12.26"]
[Round "5.41"]
[White "Esipenko, Andrey"]
[Black "Artemiev, Vladislav"]
[Result "1-0"]
[WhiteTitle "FM"]
[BlackTitle "GM"]
[WhiteElo "2564"]
[BlackElo "2691"]
[WhiteFideId "24175439"]
[BlackFideId "24101605"]
[EventDate "2017.12.26"]

1. d4 e6 2. Nf3 c5 3. c4 cxd4 4. Nxd4 a6 5. g3 h5 6. h3 Qc7 7. Bg2 Qxc4 8. O-O
Nf6 9. Nc3 Qc7 10. e4 Nc6 11. Be3 e5 12. Nf3 d6 13. Rc1 Be7 14. Nd5 Qb8 15. Nb6
O-O 16. Nxa8 Qxa8 17. Ng5 h4 18. g4 Nd7 19. Nf3 Nc5 20. Nd2 b5 21. Nb1 Be6 22.
Nc3 Bc4 23. Nd5 Bxf1 24. Bxf1 Bd8 25. g5 Ne7 26. Bg2 Ng6 27. Qg4 Ne6 28. b4 a5
29. a3 axb4 30. axb4 Qa3 31. Rc8 Qa6 32. Rc1 Be7 33. Bf1 Qb7 34. Ra1 Qb8 35. Ra5
Qd8 36. Bb6 Qc8 37. Be3 Nef4 38. Qxc8 Rxc8 39. Bxf4 exf4 40. Nxe7+ Nxe7 41. Rxb5
Nc6 42. Rf5 Nxb4 43. Rxf4 Rc1 44. Rxh4 Nd3 45. Rg4 Ne5 46. Rg3 Re1 47. f3 d5 48.
exd5 Rd1 49. Kf2 Rxd5 50. f4 Ng6 51. Rf3 Rd4 52. Kg3 Ne7 53. Bd3 g6 54. h4 Kg7
55. Bc2 Rc4 56. Bd3 Rc1 57. f5 gxf5 58. Bxf5 f6 59. Be6 fxg5 60. Rf7+ Kg6 61.
h5+ Kxh5 62. Rxe7 Kg6 63. Bg4 Rg1+ 64. Kf3 Rf1+ 65. Kg2 Rf4 66. Kg3 Rf6 67. Bf3
Rf4 68. Re6+ Kf5 69. Rb6 Rd4 70. Rb5+ Kf6 71. Bg4 Rd3+ 72. Kf2 Rd4 73. Kf3 Rf4+
74. Kg3 Kg6 75. Rb6+ Rf6 76. Bh5+ Kg7 77. Rb5 Kh6 78. Bf3 Rf4 79. Rb6+ Kg7 80.
Be2 Rf6 81. Rb7+ Rf7 82. Rb5 Re7 83. Bf3 Kf6 84. Kg4 Re5 85. Rb4 Re1 86. Rb6+
Re6 87. Rb8 Re1 88. Rf8+ Kg6 89. Kg3 Kg7 90. Rf5 Kg6 91. Ra5 Kf6 92. Bg4 Rg1+
93. Kh3 Re1 94. Ra6+ Ke5 95. Kg2 Kf4 96. Bf3 Kf5 97. Kg3 Re3 98. Ra5+ Re5 99.
Bg4+ Kf6 100. Ra6+ Kg7 101. Bh5 Re1 102. Kg4 Re5 103. Bg6 Re1 104. Bf5 Rg1+ 105.
Kh5 Re1 106. Kxg5 Re7 107. Rh6 Kf8 108. Be6 Rg7+ 109. Kf6 Rf7+ 110. Ke5 Kg7 111.
Rh2 Rf6 112. Bf5 Rf7 113. Rh7+ Kf8 114. Rh8+ Ke7 115. Ra8 Rg7 116. Ra6 Kf7 117.
Rb6 Ke7 118. Bg6 Kf8 119. Kf6 Rf7+ 120. Kg5 Rc7 121. Re6 Re7 122. Rf6+ Kg7 123.
Bf5 Rf7 124. Rg6+ Kf8 125. Ra6 Kg7 126. Be6 Re7 127. Rd6 Kf8 128. Kf6 Rf7+ 129.
Ke5 Re7 130. Rd8+ Re8 131. Rd1 Re7 132. Kd6 Ra7 133. Rg1 Ra6+ 134. Ke5 Ke7 135.
Rg7+ Kd8 136. Rd7+ Ke8 137. Kf6 Ra1 138. Rd2 Rf1+ 139. Bf5 Rf4 140. Re2+ Kd8
141. Rc2 1-0

[Event "World Rapid 2017"]
[Site "Riyadh KSA"]
[Date "2017.12.26"]
[Round "5.42"]
[White "Savchenko, Boris"]
[Black "Tregubov, Pavel V."]
[Result "1-0"]
[WhiteTitle "GM"]
[BlackTitle "GM"]
[WhiteElo "2566"]
[BlackElo "2575"]
[WhiteFideId "4147332"]
[BlackFideId "4115341"]
[EventDate "2017.12.26"]

1. e4 c5 2. Nf3 Nc6 3. d4 cxd4 4. Nxd4 Nf6 5. Nc3 e5 6. Ndb5 d6 7. Bg5 a6 8.
Bxf6 gxf6 9. Na3 b5 10. Nd5 f5 11. c3 Bg7 12. Bd3 Be6 13. Qh5 O-O 14. Nc7 Qxc7
15. exf5 Ne7 16. fxe6 f5 17. O-O e4 18. Be2 d5 19. Nc2 Rf6 20. Qg5 Rxe6 21. Qd2
Rg6 22. f4 Rd8 23. Kh1 Qb6 24. Rfd1 Rgd6 25. Bf1 b4 26. Rab1 bxc3 27. bxc3 Qc5
28. Nd4 Rc8 29. Rb7 Rc7 30. Rdb1 Rxb7 31. Rxb7 Rb6 32. Rxb6 Qxb6 33. Nxf5 Qb1
34. Nxe7+ Kf8 35. Qe2 Kxe7 36. Qxa6 Bxc3 37. a4 d4 38. Qe2 Qb7 39. Qf2 Qb1 40.
g3 e3 41. Qf3 Qa1 42. Qe4+ Kd6 43. Qe5+ Kc6 44. Kg2 Qxa4 45. Qe8+ Kd5 1-0

[Event "World Rapid 2017"]
[Site "Riyadh KSA"]
[Date "2017.12.26"]
[Round "5.43"]
[White "Minko, Vladimir"]
[Black "Salgado Lopez, Ivan"]
[Result "1/2-1/2"]
[WhiteTitle "IM"]
[BlackTitle "GM"]
[WhiteElo "2381"]
[BlackElo "2644"]
[WhiteFideId "24146706"]
[BlackFideId "2257327"]
[EventDate "2017.12.26"]

1. d4 d5 2. c4 e6 3. Nf3 Nf6 4. g3 Bb4+ 5. Nbd2 O-O 6. Bg2 b6 7. O-O Bb7 8. Qc2
Nbd7 9. b3 Rc8 10. Bb2 c5 11. dxc5 Bxc5 12. Ne5 Qe7 13. Nxd7 Nxd7 14. Qd3 dxc4
15. Nxc4 Bxg2 16. Kxg2 Rfd8 17. Qf3 f6 18. Rfd1 Nf8 19. e3 Rxd1 20. Rxd1 Rd8 21.
Rxd8 Qxd8 22. Qc6 Qd7 23. Qxd7 Nxd7 24. Kf3 Kf7 25. Ba3 Ke7 26. Ke2 b5 27. Bxc5+
Nxc5 28. Nd2 Kd6 29. b4 Nd7 30. f4 e5 31. Ne4+ Kc6 32. Kd3 a6 33. f5 g6 34. g4
g5 35. a3 Kc7 36. Nc3 Kd6 37. Ne4+ Kc6 38. Kd2 Kd5 39. Kd3 Kc6 40. Kd2 1/2-1/2

[Event "World Rapid 2017"]
[Site "Riyadh KSA"]
[Date "2017.12.26"]
[Round "5.44"]
[White "Short, Nigel D"]
[Black "Grigoriants, Sergey"]
[Result "1/2-1/2"]
[WhiteTitle "GM"]
[BlackTitle "GM"]
[WhiteElo "2678"]
[BlackElo "2561"]
[WhiteFideId "400025"]
[BlackFideId "4130804"]
[EventDate "2017.12.26"]

1. e4 e5 2. Nf3 Nc6 3. Bc4 Bc5 4. b4 Bxb4 5. c3 Be7 6. d4 Na5 7. Nxe5 Nxc4 8.
Nxc4 d6 9. Ne3 Nf6 10. Nd2 O-O 11. O-O Re8 12. f4 Bf8 13. Qf3 Be6 14. c4 c6 15.
Bb2 Qa5 16. Rf2 Qh5 17. d5 Qxf3 18. gxf3 Bd7 19. Bxf6 gxf6 20. f5 Be7 21. Rb1
Rab8 22. Rg2+ Kh8 23. Kf2 Bd8 24. Rg3 Bb6 25. Rxb6 axb6 26. Ng4 Rg8 27. Nxf6
Rxg3 28. hxg3 Be8 29. e5 dxe5 30. d6 c5 31. Ke3 Bc6 32. f4 exf4+ 33. Kxf4 Kg7
34. Ke5 h6 35. Nde4 Bxe4 36. Nxe4 Kf8 37. Nf6 Ra8 38. Nd5 Re8+ 39. Kf6 Rd8 40.
Ke5 Re8+ 41. Kf6 Rd8 42. Ke5 Re8+ 1/2-1/2